000 00419nam a2200181Ia 4500
001 3973
005 20260306145722.0
008 260306t2016||||xx |||||||||||||| ||spa||
041 _aESP
082 _a306
_bT86
100 _aTubino, Fidel
_eAUT
245 0 _aLa interculturalidad en cuestión
260 _c2016
300 _a361 páginas :
_c20 cm.
650 _aGEN
654 _aCHU
942 _cLIB
_dJUS
_fJUS
_2ddc
_n
999 _c3973
_d3973